Poznámky k česko-slovenskej polonistike

Bibliographic Details
Main Author: Proksová, Elena (Author)
Format: Article
Language:Slovak
Subjects:

MARC

LEADER 00000nab a2200000 a 4500
001 vtls000443380
003 SK-MaSNL
005 20260303161128.0
008 230223c1991 xo 0 slo
015 |a SNBRB19rr/mm-uuuuu 
035 |a CL0443510 
035 |a urn:nbn:sk:snk-ab2i86 
035 |a (urnnbn)urn:nbn:sk:snk:ar-a02gdz 
035 |a (uuid)d91f885c-a73f-4675-90aa-6c267f4ce3ff 
040 |a SNKBUCL  |b slo  |c SNKBUCL  |e AACR2 
041 0 |a slo 
044 |a xo  |c SK 
080 |a 808.4:061.3  |2 1981 
080 |a 061.3  |2 1981 
080 |a 82.091  |2 1981 
080 |a 884  |2 1981 
080 |a 885.0  |2 1981 
080 |a 885.4(048)  |2 1981 
080 |a 884.091  |2 1981 
080 |a 885.0.091  |2 1981 
080 |a 884(048)  |2 1981 
080 |a 885.4.091  |2 1981 
100 1 |a Proksová, Elena  |4 aut  |9 1182999 
245 1 0 |a Poznámky k česko-slovenskej polonistike  |c Elena Proksová 
650 0 7 |a polonistika  |2 snkbucl  |9 24453 
650 0 7 |a vzťahy medziliterárne  |2 snkbucl  |9 725857 
655 7 |a články z novín a časopisov  |2 snkbucl  |9 267496 
655 7 |a články z odboru literárna veda a krásna literatúra  |2 snkbucl  |9 770045 
773 0 |t Slavica slovaca  |g Roč. 26, č. 4 (1991), s. 341-341 
787 0 8 |i Rec.:  |t Z česko-polských jazykových a literárních styků  |d Praha : Universita Karlova, 1988 
850 |a Slovenská národná knižnica v Martine  |a MTA001 
852 |a SNK  |b KIS3GCP 
954 |a odborná, vedecká literatúra pôvodná (slovenská)  |2 lita 
957 |a 3100 
958 |a RK 
958 |a CZ 
958 |a LX 
958 |a PL 
958 |a OND 
958 |a EUIPO 
958 |a article27 
992 |a RBX 
999 |c 2048366  |d 2050296